| 000 | 00404nam a2200157Ia 4500 | ||
|---|---|---|---|
| 100 | _aViswanathan/ G./ Thiagarajan | ||
| 650 | _aElectrical Engineering | ||
| 942 | _cBK | ||
| 654 | _aTelecommunications | ||
| 245 | _aTelecommunication switching systems & networks | ||
| 260 |
_bPrentice Hall of India _aNew Delhi _c1994 |
||
| 082 |
_a621.382 _bPAN |
||
| 300 | _a583 | ||
| 546 | _aENGLISH | ||
| 999 |
_c23232 _d23232 |
||